000 00433nam a2200157 i 4500
001 26630
003 ES-MaACL
005 20230906153457.0
007 t|
008 030109s1860 fr ||||1| fre d
100 1 _aAvenel, Paul.
_924020
245 1 3 _aLe roi de Paris
_b: roman historique /
_cPaul Avenel.
260 _a[S.l. :
_bs.n.,
_c1860] (
_fCoulommiers, A. Moussin)
300 _a423 p. ;
_c19 cm.
852 _aES-MaACL
_jD-2582
999 _c26630
_d26630